| 000 | 00439pab a2200157 454500 | ||
|---|---|---|---|
| 008 | 180718b2006 xxu||||| |||| 00| 0 eng d | ||
| 100 | _aGoswami, Shreyas | ||
| 245 | _aDeterminants of child labour participations: review of issues and implications for policy | ||
| 260 | _c2006 | ||
| 300 | _aP.388-98. | ||
| 362 | _aNov | ||
| 650 | _aChild labour | ||
| 700 | _aJain, Vineet | ||
| 773 | _aManagement and Labour Studies | ||
| 909 | _a72178 | ||
| 999 |
_c72178 _d72178 |
||